Собрание произведений. Т. 1: Стихи (Запись № 13240742)

Подробности
000 -МАРКЕР
контрольное поле 01601nam2a2200289 4500
001 - ИДЕНТИФИКАТОР ЗАПИСИ
контрольное поле RU\NLR\BIBL_A\022298166
005 - ИДЕНТИФИКАТОР ВЕРСИИ
контрольное поле 20240822154953.0
010 ## - МЕЖДУНАРОДНЫЙ СТАНДАРТНЫЙ НОМЕР КНИГИ (ISBN)
Номер (ISBN) 978-5-4448-2277-7
Уточнения т. 1
021 ## - НОМЕР ГОСУДАРСТВЕННОЙ РЕГИСТРАЦИИ
Код страны Российская Федерация
Номер КН-П-24-037163
Номер Листа государственной регистраци КН-П-24-3724
035 ## - ДРУГИЕ СИСТЕМНЫЕ НОМЕРА
Идентификатор записи (NLR Aleph) 022298166
100 ## - ДАННЫЕ ОБЩЕЙ ОБРАБОТКИ
Данные общей обработки 20240813d2024 u y0rusy50 ca
101 0# - ЯЗЫК РЕСУРСА
Язык текста, звукозаписи и т.д. русский
102 ## - СТРАНА ПУБЛИКАЦИИ ИЛИ ПРОИЗВОДСТВА
Страна публикации Российская Федерация
105 ## - ПОЛЕ КОДИРОВАННЫХ ДАННЫХ: ТЕКСТОВЫЕ МАТЕРИАЛЫ, МОНОГРАФИЧЕСКИЕ
Кодированные данные о монографическом текстовом документе a z 001gy
200 1# - ЗАГЛАВИЕ И СВЕДЕНИЯ ОБ ОТВЕТСТВЕННОСТИ
Основное заглавие Стихи
210 ## - ПУБЛИКАЦИЯ, РАСПРОСТРАНЕНИЕ И ДР.
Дата издания, распространения и т.д. 2024
215 ## - ФИЗИЧЕСКАЯ ХАРАКТЕРИСТИКА
Специфическое обозначение материала и объем 615 с.
Другие сведения о физической характеристике ил.
320 ## - ПРИМЕЧАНИЯ О НАЛИЧИИ В ДОКУМЕНТЕ БИБЛИОГРАФИИ / УКАЗАТЕЛЯ
Текст примечания Алф. указ.: с. 575-600
320 ## - ПРИМЕЧАНИЯ О НАЛИЧИИ В ДОКУМЕНТЕ БИБЛИОГРАФИИ / УКАЗАТЕЛЯ
Текст примечания Имен. указ.: с. 601-602
325 1# - ПРИМЕЧАНИЕ О КОПИИ
Текст примечания Библиогр. в примеч.: с. 555-574
327 1# - ПРИМЕЧАНИЯ О СОДЕРЖАНИИ
Текст примечания Содерж.: Книга I. Дуда и Мак; книга II. Иог и Суфий; книга III. Чуждые ангелы; книга IV. Гром греммит; книга V. Монголия и далее; книга VI. Ветер; книга VII. Рукоделия
461 #0 - УРОВЕНЬ НАБОРА
Встроенное поле 001RU\NLR\BIBL_A\022295411
-- 2001#$aСобрание произведений$eв 3-х т.$fАнри Волохонский$gсоставление, предисловие и примечания Ильи Кукуя$vТ. 1
-- 700#1$aВолохонский$bА.$f1936-$gАнри$4070$3RU\NLR\AUTH\7781310
Системный номер (АБИС) связанной записи 13237994
Автор Волохонский, А. (1936-)
Место публикации Москва
Дата публикации 2024
Издание 2-е изд.
Первые сведения об ответственности Анри Волохонский
Имя издателя, распространителя и т.д. Новое литературное обозрение
Сведения, относящиеся к заглавию в 3-х т.
Заглавие Собрание произведений
ISBN 9785444822807
Номер тома Т. 1
942 ## - ДОПОЛНИТЕЛЬНЫЕ ЭЛЕМЕНТЫ ЗАПИСИ (АБИС)
Тип экземпляра АБИС Книга
980 ## - КОЛЛЕКЦИЯ
Название коллекции Национальная библиография
Экземпляры
Тип экземпляра Дата поступления Источник поступления Стоимость Библиотека постоянного хранения Библиотека текущего хранения Место хранения Шифр хранения Штрих-код Статус экземпляра
Книга 13.08.2024 Обязательный экземпляр 0.00 РНБ (Московский) РНБ (Московский) Русский книжный фонд: издания с 1957 года 2024-3/14990 1-4657991  
Книга 13.08.2024 Обязательный экземпляр 0.00 РНБ (Московский) РНБ (Московский) Русский книжный фонд: издания с 1957 года 2024-3/14990 1-4657992